=LDR 00000nam 2200000 4500 =001 INLIS000000000032148 =005 20130612134154 =008 ***********************************ind** =035 ##$$0010-061300000032148 =041 ##$$a ind =082 ##$$a 413 =090 ##$$a R. 413, Sam k =100 ##$$a SAMSURI, Hamzah =245 ##$$a Kamus lengkap Bahasa Indonesia Modern, Hamzah Samsuri =260 ##$$a 20.. $b Surabaya =300 ##$$a 760 hlm, 24 cm =650 ##$$a Kamus bahasa Indonesia =850 ##$$a NBPNMAT